000 00650nam a2200241Ia 4500
003 OSt
005 20221007071735.0
006 a|||||r|||| 00| 0
007 ta
008 221006b |||||||| |||| 00| 0 eng d
024 _a14,215
037 _cTextual
040 _aFLL
_cFLL
_beng
041 _2eng
_aeng
082 _aW6, L6
100 _aHuntington S.P. Au.
_9689335
245 0 _aNo easy choice
260 _aLondon
_bHarvard university press London
_c1976
300 _a202p
_ccm.
700 _a Nelson J.M. Au.
_9689336
942 _hW6, L6
_cTEXL
_2CC
999 _c1144127
_d1144127